| 000 | 00441nam a22001937a 4500 | ||
|---|---|---|---|
| 003 | MPLRDC | ||
| 005 | 20220104143724.0 | ||
| 008 | 210129b ||||| |||| 00| 0 eng d | ||
| 020 | _a957-628-673-5 | ||
| 082 | _a857.7 GXXL v.307 | ||
| 100 | _a沈亚 | ||
| 245 |
_a街童 _c |
||
| 250 | _a初版 | ||
| 260 |
_a _b万盛 _c1993 |
||
| 300 | _b平 | ||
| 490 | _a感性系列. 307 | ||
| 650 | _a长篇小说 | ||
| 942 |
_cBK _o857.7 GXXL v.307 |
||
| 999 |
_c42703 _d42693 |
||